000 00602nam a2200229Ia 4500
008 160404s9999 xx 000 0 und d
020 _a971-12-0264-6
050 _aFIL HF 5657.4
050 _b.M45 2005
100 _aMejorada, Nenita D.
245 _aIntroduction to management accounting /
245 _cNenita D. Mejorada.
250 _a4th Edition
260 _aMakati City:
260 _bGoodwill Tradaing Co., Inc.,
260 _c2005
300 _a150 pages :
300 _billustrations ;
300 _c25 cm.
650 _aCost accounting.
650 _xManagerial accounting.
999 _c293280
_d293280